Makroekonomické ukazovatele štvrťročných národných účtov a pridaná hodnota za 1. štvrťrok 2001

Na minha lista:
Detalhes bibliográficos
Formato: Livro
Idioma:eslovaco
inglês
Publicado em: Bratislava Štatistický úrad Slovenskej republiky 2001
Colecção:Národné účty
Tags: Adicionar Tag
Sem tags, seja o primeiro a adicionar uma tag!

MARC

LEADER 00000nam a2200000 4500
001 c125128
005 20260210132659.0
041 0 |a slo 
041 0 |a eng 
044 |a SK 
245 1 0 |a Makroekonomické ukazovatele štvrťročných národných účtov a pridaná hodnota za 1. štvrťrok 2001 
264 1 |a Bratislava  |b Štatistický úrad Slovenskej republiky  |c 2001 
300 |a 39 s. 
490 1 |a Národné účty 
830 0 |a Národné účty